Психологическата война (Запис номер 452180)
[ съкратено ]
| 000 -Лидер | |
|---|---|
| Контролно поле с фиксирана дължина | nam a22 a 4500 |
| 003 - Код на организацията, давaща контролен номер | |
| Контролно поле | BLK |
| 005 - Дата и час на последна редакция | |
| Контролно поле | 20220406073916.0 |
| 008 - Елементи от данни с фиксирана дължина | |
| fixed length control field | 220406b bul|||||r ||||||| ||bul|| |
| 010 ## - Наследен системен номер | |
| LC control number | KNG00120868000 |
| 040 ## - Източник на каталожния запис | |
| Идентификатор на билиотеката - собственик на записа | BLK |
| 041 ## - Код за език | |
| Код за езика на текст/звукозапис или на отделно заглавие | Български |
| Код за езика КДБФ | Български |
| 080 ## - УДК | |
| Текстов определител УДК | Международни блокове и конфликти |
| УДК код - определител по УДК | 327.5 |
| УДК - код + определител | 327.5 |
| 100 ## - Редна дума - Автор | |
| Автор | Зазворка, Герхард |
| Авторска отговорност | първи автор |
| R(LIN) | 472855 |
| 139 ## - Редно поле | |
| Редна дума | Зазворка, Герхард |
| 245 10 - Сведения за заглавието | |
| Заглавие | Психологическата война |
| Подзаглавни данни | Организация, средства и методи |
| Редно поле (дума) | Герхард Зазворка; Съкр. прев. от нем. Христо Боевски |
| 246 ## - Различни форми на заглавието | |
| Паралелно заглавие | Psychologische kriegfuhrung |
| 260 ## - Област на издателските данни | |
| Място на издаване, разпространение и проч. | София |
| Име на издателя, разпространителя и проч. | Воен. изд. |
| Година на издаване | 1964 |
| 300 ## - Физическа характеристика | |
| Страници | 214 с. |
| Размери/Мащаб | 21 см |
| 380 ## - Жанр | |
| Жанр | Обществени науки |
| 650 #4 - Допълнително описание по предмет – тема | |
| Основно описание – тема или топоним | Психологическа война |
| 9 (RLIN) | 168325 |
| 650 #4 - Допълнително описание по предмет – тема | |
| Основно описание – тема или топоним | Антикомунизъм |
| 9 (RLIN) | 147230 |
| 700 ## - Други автори (авторска отговорност) | |
| Лично име | Боевски, Христо |
| Автороска отговорност (Описва отношението между автора и произведението) | съкр. прев. от нем. |
| 9 (RLIN) | 462904 |
| 852 ## - Местоположение | |
| Форматна сигнатура | Цб 29534 |
| Фондова буква | Хранилище |
| 856 4# - Електронен адрес и достъп | |
| Електронен формат | pdf - файл |
| 856 4# - Електронен адрес и достъп | |
| Електронен формат | pdf - файл |
| 999 ## - СИСТЕМНИ КОНТРОЛНИ НОМЕРА | |
| Koha biblionumber | 452180 |
| Koha biblioitemnumber | 452180 |
| 942 ## - АРТИКУЛИ | |
| Вид на библиотечния материал | Книги |
| Скрит в OPAC | Не |
| Периодичен библиозапис | Да |
| 944 ## - СЪЗДАВАНЕ И РЕДАКЦИЯ на ЗАПИСА | |
| Създаване/Редакция | Създаване |
| Дата на регистрацията/редакция | 2022-04-06 |
| Служител, извършил регистрацията/редакцията | А.М. |
| Код за отписване | Код за изгубен артикул | Източник на класификационната схема | Код за повреда | Коз за рестрикции | Код за отдаване | Артикулен № | Име на библиотеката - собственик | Име на библиотеката, в която се намира в момента | Статус (Текущо местоположение) | Дата на вписване в системата | Местоположение - отдел | Цена в лева | Инвентарен номер | Систематично азбучна сигнатура | Баркод | Цена в евро | Служебен тип на артикула |
|---|---|---|---|---|---|---|---|---|---|---|---|---|---|---|---|---|---|
| Не е изгубен | Universal Decimal Classification | Не е повреден | само за читалня | ползва се в читалня | 880729 | Регионална библиотека "Любен Каравелов" Русе | Регионална библиотека "Любен Каравелов" Русе | Хранилище | 2022-04-07 | Хранилище | 0.63 | 5447/64 | Цб 29534 | 900000093467 | 0.32 | Книги |